000
00303nam a22001217a 4500
082
_a
891.464
_b
MAH
100
_a
MAHAJAN MUKUND
245
_a
UPAHASACHI MISAL उपहासाची मिसळ
260
_a
PUNE
_b
MAHAJN PREMA
_c
2018
300
_a
77
650
_a
MARATHI SHORT STORIES
942
_c
BK
999
_c
84805
_d
84805